000 00386cam a2200181 4500
001 D12362
008 090401t1915 xxu||||| |||| 00| 0 eng d
035 _a(Sirsi) u2895
041 _aeng
100 _aCave, J. Otway
245 _aReport writing
250 _a2nd
260 _bEstates Gazette
_c1915
350 _a0
520 _aShelf 114
942 _n0
948 _c04/03/1997
999 _c85831
_d85831